Harvard Languages Quiz Stats

 Plays Quiz not verified by Sporcle

Also try: Word Hourglass XII
Challenge
Share
Tweet
Score 0/77 Timer 07:00
0 Plays Today
Language Category Language % Correct
East AsianChinese
94.6%
RomanceFrench
93.9%
RomanceSpanish
93.4%
ClassicsLatin
91.3%
GermanicGerman
91.3%
East AsianJapanese
90.2%
ClassicsGreek
89.9%
ClassicsModern Greek
89%
RomanceItalian
88.6%
SlavicRussian
87.8%
Near EasternArabic
87.1%
East AsianKorean
83.6%
South AsianUrdu-Hindi
82%
RomancePortuguese
81.1%
GermanicSwedish
78.5%
Celtic LanguagesModern Irish
78.3%
Celtic LanguagesOld Irish
78.3%
Celtic LanguagesScottish Gaelic
78.1%
AfricanSwahili
74.8%
East AsianVietnamese
73.1%
South AsianThai
73.1%
SlavicPolish
72%
GermanicNorwegian
71.7%
GermanicDanish
70.1%
Near EasternHebrew
67.3%
GermanicFinnish
66.1%
Celtic LanguagesModern Welsh
62.9%
Celtic LanguagesMiddle Welsh
62.9%
EnglishOld English
62.9%
Near EasternTurkish
61.2%
SlavicUkrainian
60.1%
SlavicCzech
60%
Near EasternPersian
57%
EnglishMiddle English
47.6%
East AsianMongolian
46.9%
South AsianTamil
46.5%
South AsianBengali
46.3%
AfricanZulu
46%
RomanceCatalan
45.1%
Language Category Language % Correct
AfricanXhosa
34.1%
Near EasternSyriac (Aramaic)
33.6%
Near EasternArmenian
33%
AfricanAmharic
32.9%
South AsianSanskrit
31.1%
Near EasternTuroyo (Aramaic)
30.8%
Near EasternYiddish
28.5%
South AsianNepali
25.2%
AfricanIgbo
24.7%
South AsianTibetan
22%
AfricanYoruba
21.9%
AfricanHausa
18.5%
GermanicOld Norse
18.4%
Near EasternSumerian
17.7%
AfricanCreole
15.7%
Near EasternAkkadian
14.2%
AfricanWolof
14%
LinguisticsHittite
11.9%
AfricanEgyptian Hieroglyphics
10.3%
Near EasternIranian
9.8%
AfricanKinyarwanda
9.6%
East AsianManchu
8.4%
AfricanTwi
7.7%
AnthropologyClassic Nahuatl
7.7%
LinguisticsIndo-European
6.6%
South AsianPali
6.5%
AfricanOromo
6.1%
AfricanTigrinya
6.1%
AfricanHaitian Creole
5.9%
LinguisticsOld Church Slavonic
5.9%
AfricanBamanankan
4%
AfricanChichewa
4%
AfricanGikuyu
4%
AfricanLuganda
3.8%
AfricanDinka
3.1%
AfricanCape Verdean
2.8%
East AsianUygher
2.8%
Near EasternSogdian
1.7%

You're not logged in!

Compare scores with friends on all Sporcle quizzes.
OR
Log In

You Might Also Like...

Show Comments

Extras

Top Quizzes Today


Score Distribution

Your Account Isn't Verified!

In order to create a playlist on Sporcle, you need to verify the email address you used during registration. Go to your Sporcle Settings to finish the process.

Report this User

Report this user for behavior that violates our Community Guidelines.

Details: